Karl-Otto Apel : selected essays

Αποθηκεύτηκε σε:
Λεπτομέρειες βιβλιογραφικής εγγραφής
Κύριος συγγραφέας: Apel, Karl-Otto
Άλλοι συγγραφείς: Mendieta, Eduardo (Επιμελητής έκδοσης)
Μορφή: Βιβλίο
Γλώσσα:English
Δημοσίευση: New Jersey : Humanities Press, c1994
Θέματα:
Ετικέτες: Προσθήκη ετικέτας
Δεν υπάρχουν, Καταχωρήστε ετικέτα πρώτοι!

MARC

LEADER 00000nam a2200000 i 4500
001 1/99194
008 000127s1994 eng d
020 |a 0-391-03807-9 
035 |l 10056790 
040 |a GR-MY-UA  |b gre  |e aacr 
041 0 |a eng 
082 0 |a 193 
100 1 |a Apel, Karl-Otto. 
245 1 0 |a Karl-Otto Apel :  |b selected essays /  |c edited and introduced by Eduardo Mendieta 
260 |a New Jersey :   |b Humanities Press,   |c c1994 
300 |a 259 p. 
504 |a Includes bibliographical references and index 
505 0 |a Volume 1: Towards a transcendental semiotics 
650 0 0 |a First philosophy. 
650 0 0 |a Language and languages  |x Philosophy. 
650 0 0 |a Semiotics. 
650 0 0 |a Hermeneutics. 
700 1 |a Mendieta, Eduardo.  |4 edt 
852 |a INST  |b LESVOS  |e 20000127  |h 193 APE  |p 005100021623  |q 005100021623  |t BK  |y 0 
901 |a BIBL1-2000-1 
909 |a Λ  |b 073304 
922 |a 1ΕΛΗ  |b 200001  |c ΚΠΣ/ΤΚΑ  |d LEADER 
950 |a 117-1999-07-27 
970 |a ΤΖΑΦΕΡΗ  |b ΕΥΑΓΓΕΛΙΑ  |z 2000/02/10